000 00264 a2200097 4500
001 30755
100 _aMumford, L
245 _aThe City in History: Its origins, its transformations & its Prospects
260 _aLondon
_bSecker & Warburg
_c
090 _c20687
_d20687
942 _aNUST-CAE
_cM
_c11877
999 _c265828
_d265828